| 000 | 01280nam a2200241Ia 4500 | ||
|---|---|---|---|
| 999 |
_c51644 _d51644 |
||
| 001 | 18635 | ||
| 003 | GE_BSU | ||
| 005 | 20220920112550.0 | ||
| 008 | 181216s2012||||ge |||||||||||||| ||geo|| | ||
| 040 | _cGE_BSU | ||
| 041 | _ageo | ||
| 080 | _a37 დ-43 | ||
| 100 |
_aდიასამიძე, ასმათ _94930 |
||
| 245 |
_aთანამედროვე სკოლის მართვის სტრატეგიები : _b(აჭარის ავტონომიური რესპუბლიკის სკოლების მაგალითზე) : დისერტაცია / _cმეცნ. ხელმძღვ. ი. ბიბილეიშვილი. |
||
| 264 |
_aბათუმი : _bბათუმის შოთა რუსთაველის სახ. უნ-ტი, _c2012. |
||
| 300 |
_a179 გვ.; _b30 სმ. |
||
| 653 | _aდისერტაცია | ||
| 653 | _aსკოლის მართვა | ||
| 653 | _aპედაგოგიკა | ||
| 700 |
_aბიბილეიშვილი, ი. _eმეცნ. ხელმძღვანელი _93836 |
||
| 710 |
_aბათუმის შოთა რუსთაველის სახ. უნ-ტი _95230 |
||
| 942 |
_cBK _2udc |
||